Statistics for Tallest Buildings Map Quiz

Click here to take the quiz!

General Stats

  • This quiz has been taken 38 times
  • The average score is 9 of 16

Answers on the Map

Answers color-coded by a green-red scale on the quiz's map according to % correct below.
 

Answer Stats

Answer% Correct
Burj Khalifa
97%
One World Trade Center
88%
Abraj Al-Bait Clock Tower
81%
Taipei 101
78%
Petronas Tower
72%
Willis Tower
69%
Shanghai Tower
66%
Lakhta Center
53%
Lotte World Tower
53%
Wuhan Greenland Center
53%
Landmark 81
47%
China Zun
41%
International Commerce Centre
41%
Ping An Finance Center
34%
Changsha IFS Tower T1
31%
Goldin Finance 117
25%

Score Distribution

Percentile by Number Answered

Percent of People with Each Score

Your Score History

You have not taken this quiz